000 01960cam a22004814i 4500
003 PE-LiUPU
005 20250731173318.0
008 150616s r 000 0 d
020 _a8470573802
035 _a(Sirsi) i9788470573804
040 _aPE-LiUPU
_bspa
_cPE-LiUPU
_erda
049 _aPRUA
082 0 4 _a248.894398
_bE39
_221
100 1 _aEliade, Mircea,
_eautor.
245 1 0 _aDe Zalmoxis A Gengis-Khan.
264 1 _aMadrid :
_bEdiciones cristiandad,
_c1985.
300 _a265 páginas ;
_c21 centímetros
336 _atext
_2rdacontent
337 _aunmediated
_2rdamedia
338 _avolume
_2rdacarrier
505 0 _aLos dacios y los lobos.- Zalmoxis.- el diablo y Dios: prehistoria de la cosmogonía popular rumana.- El príncipe Dragosb y la "casa ritual".- El maestro Manole y el Monasterio de Argesb.- El culto de la mondrágona en Rumania.- la cordera vidente.
526 _aSEG42
526 _aSEG41
526 _aSEG40
526 _aSEG39
526 _aP94
526 _aP87
526 _aP86
526 _aP85
526 _aP77
526 _aP76
526 _aP35
650 0 4 _aRELIGIONES - FOLKLORES - EUROPA ORIENTAL(DACIA).
910 _ajck
_bjvq
_cjck
942 _2ddc
_cBOOK
949 _a248.894398 E39
_wDEWEY
_c1
_i39361
_lCCODEBUL1
_mBUL
_r0
_sY
_tBOOK
_u2015-6-16
_xTEOLOGIA
_zUNKNOWN
_0COMPRA
_o.STAFF. Colección General
949 _a299.47 E39
_wDEWEY
_c1
_i25292
_lCCODEBUL1
_mBUL
_r0
_sY
_tBOOK
_u2015-6-16
_xTEOLOGIA
_zUNKNOWN
_0COMPRA
_o.STAFF. Colección General
994 _aC0
_bPEPRU
596 _a1
999 _a299.47 E39
_wDEWEY
_c45990
_i25292
_f2019-12-11
_g4
_lDISCARD
_mBUL
_r1
_sY
_tBOOK
_u2015-6-16
_xUNKNOWN
_zUNKNOWN
_0COMPRA
_o.STAFF. Colección General
_d45990
999 _a248.894398 E39
_wDEWEY
_c1
_i39361
_f2021-11-12
_g5
_lCCODEBUL1
_mBUL
_r0
_sY
_tBOOK
_u2015-6-16
_xTEOLOGIA
_zUNKNOWN
_0COMPRA
_o.STAFF. Colección General
980 _81
_gALBERTO SANCHEZ Responsable de Automatización